| 000 | 00666nam a2200181 a 4500 | ||
|---|---|---|---|
| 003 | 0 | ||
| 005 | 20250411105101.0 | ||
| 008 | 060802s19uu xx 00 eng d | ||
| 050 |
_aPHS BF 723.S3 _b.T46 2006 |
||
| 100 | _aTemplonuevo, Julienne C. | ||
| 245 |
_aThe Effects of self-confidence on the academic achievement among teens / _cJulienne C. Templonuevo. |
||
| 260 |
_aLas PiƱas City, Philippines : _bSouthville International School and Colleges, _c2006. |
||
| 300 |
_a30 pages : _billustrations ; _c28 cm. |
||
| 504 | _aIncludes bibliographical references. | ||
| 650 | _aSelf-confidence in adolescence. | ||
| 650 | _aAcademic achievement. | ||
| 942 |
_2lcc _cPASS |
||
| 999 |
_c97672 _d97672 |
||